=LDR 00000nam 2200000 4500 =001 INLIS000000000021161 =005 20130612120037 =008 ***********************************ind** =035 ##$$0010-061300000021161 =041 ##$$a ind =082 ##$$a 813 =090 ##$$a 813, HAQ k =100 ##$$a Haqani, Luqman =245 ##$$a Kalau Cinta Jangan Konyol, Luqman Haqani =260 ##$$a 2004 $b Bandung =300 ##$$a 102 hlm, 15 cm =650 ##$$a Fiksi Dewasa =850 ##$$a NBPNMAT